Southville International School and Colleges
Your cart is empty.
  • Cart
  • Lists
    Public lists Eva Luna New books Lux_list list_1
    Your lists Log in to create your own lists
  • Log in to your account
  • Your cookies
  • Search history
Southville International School and Colleges
  • Advanced search
  • Recent comments
  • Most popular
  • Libraries

Log in to your account

Log in with GOOGLE


If you do not have an external account, but do have a local account, you can still log in:

  1. Home
  2. MARC view: All you wanted to know about cricket /
Normal view MARC view ISBD view

All you wanted to know about cricket / (Record no. 22093)

[ view plain ]
MARC details
000 -LEADER
fixed length control field 00560nam a2200205 a 4500
003 - CONTROL NUMBER IDENTIFIER
control field SISC
005 - DATE AND TIME OF LATEST TRANSACTION
control field 20160610135631.0
008 - FIXED-LENGTH DATA ELEMENTS--GENERAL INFORMATION
fixed length control field 070629s19uu xx 00 eng d
020 ## - INTERNATIONAL STANDARD BOOK NUMBER
International Standard Book Number 8120725778
050 ## - LIBRARY OF CONGRESS CALL NUMBER
Classification number GV 917
Item number .M627 2006
100 ## - MAIN ENTRY--PERSONAL NAME
Personal name Middlebrook, Ralph.
245 ## - TITLE STATEMENT
Title All you wanted to know about cricket /
Statement of responsibility, etc Ralph Middlebrook.
260 ## - PUBLICATION, DISTRIBUTION, ETC. (IMPRINT)
Place of publication, distribution, etc India :
Name of publisher, distributor, etc New Dawn Publishing,
Date of publication, distribution, etc 2006.
300 ## - PHYSICAL DESCRIPTION
Extent 160 pages :
Other physical details illustrations ;
Dimensions 16 cm.
650 ## - SUBJECT ADDED ENTRY--TOPICAL TERM
Topical term or geographic name as entry element Cricket.
650 ## - SUBJECT ADDED ENTRY--TOPICAL TERM
Topical term or geographic name as entry element Recreation.
650 ## - SUBJECT ADDED ENTRY--TOPICAL TERM
Topical term or geographic name as entry element Games.
942 ## - ADDED ENTRY ELEMENTS (KOHA)
Koha item type Books
Source of classification or shelving scheme Library of Congress Classification
Call number prefix Foreign
Holdings
Withdrawn status Lost status Source of classification or shelving scheme Damaged status Home library Current library Shelving location Date acquired Source of acquisition Cost, normal purchase price Total Checkouts Full call number Barcode Date last seen Copy number Price effective from Koha item type
    Library of Congress Classification   College Library College Library General Circulation Section   Library Fund 80.00   GV 917 .M627 2006 C8442 05/15/2018 1 10/10/2013 Books

All you wanted to know about cricket /

APA

Middlebrook R., . (2006). All you wanted to know about cricket. India: New Dawn Publishing.

Chicago

Middlebrook Ralph, . 2006. All you wanted to know about cricket. India: New Dawn Publishing.

Harvard

Middlebrook R., . (2006). All you wanted to know about cricket. India: New Dawn Publishing.

MLA

Middlebrook Ralph, . All you wanted to know about cricket. India: New Dawn Publishing. 2006.

  • Place hold
  • Print
  • Cite
  • Add to your cart (remove)
  • Save record
    BIBTEX Dublin Core MARCXML MARC (non-Unicode/MARC-8) MARC (Unicode/UTF-8) MARC (Unicode/UTF-8, Standard) MODS (XML) RIS
  • More searches
    Search for this title in:
    Other Libraries (WorldCat) Other Databases (Google Scholar) Online Stores (Bookfinder.com) Open Library (openlibrary.org)

Exporting to Dublin Core...

SOUTHVILLE LIBRARY

Southville International School and Colleges Library

1281 Tropical Ave. Cor. Luxembourg St., BF Homes International, Las Pinas City

Tel. No. 8256374 / 252358 Loc. 117/146

Powered by Koha